one direction song acronyms - Statistics

General Stats
  • This quiz has been taken 656 times
  • The average score is 9 of 15
Answer Stats
Hint Answer % Correct
MM midnight memories
86%
IW I would
74%
NC no control
71%
A Alive
68%
P perfect
68%
SMG steal my girl
68%
DMD drag me down
66%
NC night changes
63%
F fireproof
60%
GA girl almighty
60%
AMA act my age
53%
NC nobody compares
48%
SU stand up
48%
I illusion
46%
S Strong
45%
No matching quizzes found
Score Distribution
Percent of People with Each Score
Percentile by Number Answered
Your Score History
You have not taken this quiz